[Event "DEM U12w 2022"]
[Site "Willingen GER"]
[Date "2022.06.09"]
[Round "7"]
[White "Czäczine, Paula"]
[Black "Xiao, Yiyi"]
[Result "0-1"]
[Termination "normal"]
[Board "6"]
[WhiteElo "1218"]
[BlackElo "1064"]
[WhiteClock "00:27:29"]
[BlackClock "01:12:58"]
[PlyCount "70"]
[WhiteFideId "16249305"]
[BlackFideId "34605665"]
[EventCountry "GER"]
[EventRounds "9"]
[EventType "swiss"]
[EventDate "2022.06.04"]

1. e4 {[%clk 01:30:57]} {[%emt 00:00:02]} d5 {[%clk 01:30:44]} {[%emt
00:00:16]} 2. exd5 {[%clk 01:30:32]} {[%emt 00:00:56]} Qxd5 {[%clk 01:31:01]}
{[%emt 00:00:13]} 3. Nc3 {[%clk 01:30:28]} {[%emt 00:00:34]} Qa5 {[%clk
01:31:12]} {[%emt 00:00:19]} 4. Nf3 {[%clk 01:25:24]} {[%emt 00:05:33]} Nf6
{[%clk 01:30:27]} {[%emt 00:01:15]} 5. d3 {[%clk 01:22:01]} {[%emt 00:03:54]}
Bg4 {[%clk 01:28:28]} {[%emt 00:02:29]} 6. Be2 {[%clk 01:19:36]} {[%emt
00:02:55]} Nc6 {[%clk 01:27:20]} {[%emt 00:01:38]} 7. O-O {[%clk 01:15:31]}
{[%emt 00:04:34]} e5 {[%clk 01:26:34]} {[%emt 00:01:16]} 8. Be3 {[%clk
01:06:57]} {[%emt 00:09:04]} O-O-O {[%clk 01:25:09]} {[%emt 00:01:54]} 9. Ng5
{[%clk 01:02:13]} {[%emt 00:05:15]} Bxe2 {[%clk 01:23:55]} {[%emt 00:01:44]}
10. Qxe2 {[%clk 01:02:35]} {[%emt 00:00:09]} Rd7 {[%clk 01:21:06]} {[%emt
00:03:18]} 11. a3 {[%clk 00:53:51]} {[%emt 00:09:15]} Nd4 {[%clk 01:20:14]}
{[%emt 00:01:21]} 12. Qd2 {[%clk 00:53:48]} {[%emt 00:00:33]} h6 {[%clk
01:20:05]} {[%emt 00:00:39]} 13. b4 {[%clk 00:50:44]} {[%emt 00:03:35]} Qb6
{[%clk 01:18:47]} {[%emt 00:01:47]} 14. Nge4 {[%clk 00:50:15]} {[%emt
00:01:00]} Nxe4 {[%clk 01:18:54]} {[%emt 00:00:22]} 15. Nxe4 {[%clk 00:50:27]}
{[%emt 00:00:18]} f5 {[%clk 01:18:38]} {[%emt 00:00:46]} 16. Nc3 {[%clk
00:48:03]} {[%emt 00:02:54]} g5 {[%clk 01:17:17]} {[%emt 00:01:52]} 17. f3
{[%clk 00:39:30]} {[%emt 00:09:02]} Qc6 {[%clk 01:16:57]} {[%emt 00:00:50]} 18.
Rac1 {[%clk 00:35:27]} {[%emt 00:04:34]} Qxc3 {[%clk 01:13:56]} {[%emt
00:03:30]} 19. Qxc3 {[%clk 00:34:14]} {[%emt 00:01:44]} Ne2+ {[%clk 01:14:15]}
{[%emt 00:00:11]} 20. Kf2 {[%clk 00:34:20]} {[%emt 00:00:24]} Nxc3 {[%clk
01:14:36]} {[%emt 00:00:08]} 21. Bd2 {[%clk 00:33:34]} {[%emt 00:01:16]} Na4
{[%clk 01:14:46]} {[%emt 00:00:21]} 22. Rfe1 {[%clk 00:33:05]} {[%emt
00:00:59]} Bg7 {[%clk 01:14:42]} {[%emt 00:00:33]} 23. Re2 {[%clk 00:30:55]}
{[%emt 00:02:40]} Re8 {[%clk 01:14:45]} {[%emt 00:00:27]} 24. f4 {[%clk
00:30:38]} {[%emt 00:00:47]} Bf6 {[%clk 01:14:15]} {[%emt 00:01:01]} 25. Rce1
{[%clk 00:29:40]} {[%emt 00:01:27]} e4 {[%clk 01:13:35]} {[%emt 00:01:10]} 26.
fxg5 {[%clk 00:28:34]} {[%emt 00:01:35]} hxg5 {[%clk 01:13:45]} {[%emt
00:00:21]} 27. Bc1 {[%clk 00:27:59]} {[%emt 00:01:05]} Bc3 {[%clk 01:13:55]}
{[%emt 00:00:20]} 28. Rf1 {[%clk 00:27:34]} {[%emt 00:00:55]} Bd4+ {[%clk
01:13:59]} {[%emt 00:00:26]} 29. Be3 {[%clk 00:27:13]} {[%emt 00:00:51]} exd3
{[%clk 01:13:39]} {[%emt 00:00:51]} 30. cxd3 {[%clk 00:27:22]} {[%emt
00:00:21]} Nc3 {[%clk 01:13:16]} {[%emt 00:00:53]} 31. Ree1 {[%clk 00:27:21]}
{[%emt 00:00:31]} Nd1+ {[%clk 01:12:59]} {[%emt 00:00:46]} 32. Rxd1 {[%clk
00:27:37]} {[%emt 00:00:14]} Rxe3 {[%clk 01:13:22]} {[%emt 00:00:07]} 33. g3
{[%clk 00:26:55]} {[%emt 00:01:12]} Rxd3+ {[%clk 01:12:30]} {[%emt 00:01:22]}
34. Kg2 {[%clk 00:27:08]} {[%emt 00:00:17]} Rxd1 {[%clk 01:12:52]} {[%emt
00:00:08]} 35. Rxd1 {[%clk 00:27:29]} {[%emt 00:00:09]} Be3 {[%clk 01:12:58]}
{[%emt 00:00:24]} 0-1

[Event "DEM U12w 2022"]
[Site "Willingen GER"]
[Date "2022.06.09"]
[Round "7"]
[White "Chandrasekher, Ritu"]
[Black "Halas, Neele Zoe"]
[Result "0-1"]
[Termination "normal"]
[Board "7"]
[WhiteElo "1312"]
[BlackElo "1415"]
[WhiteClock "00:37:00"]
[BlackClock "00:05:41"]
[PlyCount "116"]
[WhiteFideId "34609024"]
[BlackFideId "16287282"]
[EventCountry "GER"]
[EventRounds "9"]
[EventType "swiss"]
[EventDate "2022.06.04"]

1. e4 {[%clk 01:30:57]} {[%emt 00:00:01]} e6 {[%clk 01:30:54]} {[%emt
00:00:07]} 2. d4 {[%clk 01:31:18]} {[%emt 00:00:09]} d5 {[%clk 01:31:20]}
{[%emt 00:00:05]} 3. e5 {[%clk 01:31:26]} {[%emt 00:00:22]} c5 {[%clk
01:31:42]} {[%emt 00:00:08]} 4. c3 {[%clk 01:31:45]} {[%emt 00:00:11]} Qb6
{[%clk 01:31:50]} {[%emt 00:00:21]} 5. Nf3 {[%clk 01:31:27]} {[%emt 00:00:48]}
Bd7 {[%clk 01:32:02]} {[%emt 00:00:18]} 6. Be2 {[%clk 01:30:59]} {[%emt
00:00:58]} cxd4 {[%clk 01:32:17]} {[%emt 00:00:15]} 7. cxd4 {[%clk 01:30:39]}
{[%emt 00:00:50]} Bb5 {[%clk 01:32:07]} {[%emt 00:00:41]} 8. O-O {[%clk
01:30:07]} {[%emt 00:01:01]} Bxe2 {[%clk 01:27:04]} {[%emt 00:05:34]} 9. Qxe2
{[%clk 01:29:16]} {[%emt 00:01:20]} Nc6 {[%clk 01:26:50]} {[%emt 00:00:44]} 10.
Be3 {[%clk 01:28:07]} {[%emt 00:01:38]} Nge7 {[%clk 01:25:40]} {[%emt
00:01:41]} 11. Nc3 {[%clk 01:26:50]} {[%emt 00:01:46]} Nf5 {[%clk 01:18:10]}
{[%emt 00:08:01]} 12. a3 {[%clk 01:23:37]} {[%emt 00:03:43]} Be7 {[%clk
00:58:24]} {[%emt 00:20:17]} 13. Rad1 {[%clk 01:12:13]} {[%emt 00:11:52]} O-O
{[%clk 00:55:57]} {[%emt 00:02:58]} 14. b4 {[%clk 01:04:48]} {[%emt 00:07:55]}
a5 {[%clk 00:34:34]} {[%emt 00:21:54]} 15. b5 {[%clk 01:02:04]} {[%emt
00:03:11]} Na7 {[%clk 00:31:54]} {[%emt 00:03:12]} 16. a4 {[%clk 00:57:35]}
{[%emt 00:05:00]} Rac8 {[%clk 00:27:34]} {[%emt 00:04:49]} 17. Qb2 {[%clk
00:55:01]} {[%emt 00:03:04]} Rc7 {[%clk 00:23:39]} {[%emt 00:04:21]} 18. Ne2
{[%clk 00:53:07]} {[%emt 00:02:27]} Rfc8 {[%clk 00:22:21]} {[%emt 00:01:49]}
19. Rc1 {[%clk 00:52:08]} {[%emt 00:01:29]} Bb4 {[%clk 00:07:19]} {[%emt
00:15:32]} 20. Rfd1 {[%clk 00:49:29]} {[%emt 00:03:08]} Nxe3 {[%clk 00:06:57]}
{[%emt 00:00:53]} 21. fxe3 {[%clk 00:49:20]} {[%emt 00:00:38]} Rc4 {[%clk
00:05:54]} {[%emt 00:01:33]} 22. Rxc4 {[%clk 00:47:17]} {[%emt 00:02:35]} Rxc4
{[%clk 00:06:19]} {[%emt 00:00:05]} 23. Rc1 {[%clk 00:46:47]} {[%emt 00:00:59]}
Qc7 {[%clk 00:06:11]} {[%emt 00:00:38]} 24. Rxc4 {[%clk 00:46:08]} {[%emt
00:01:08]} Qxc4 {[%clk 00:06:32]} {[%emt 00:00:10]} 25. Kf2 {[%clk 00:44:27]}
{[%emt 00:02:10]} Nc8 {[%clk 00:04:49]} {[%emt 00:02:13]} 26. Qc1 {[%clk
00:42:29]} {[%emt 00:02:30]} Qxc1 {[%clk 00:04:37]} {[%emt 00:00:42]} 27. Nxc1
{[%clk 00:42:46]} {[%emt 00:00:12]} Nb6 {[%clk 00:04:59]} {[%emt 00:00:08]} 28.
Nd3 {[%clk 00:41:46]} {[%emt 00:01:30]} Nxa4 {[%clk 00:05:17]} {[%emt
00:00:13]} 29. Nxb4 {[%clk 00:41:58]} {[%emt 00:00:18]} axb4 {[%clk 00:05:41]}
{[%emt 00:00:06]} 30. Nd2 {[%clk 00:42:14]} {[%emt 00:00:13]} Nc3 {[%clk
00:05:38]} {[%emt 00:00:33]} 31. b6 {[%clk 00:41:32]} {[%emt 00:01:13]} Na4
{[%clk 00:01:44]} {[%emt 00:04:23]} 32. Ke1 {[%clk 00:41:37]} {[%emt 00:00:25]}
Nxb6 {[%clk 00:01:59]} {[%emt 00:00:16]} 33. Kd1 {[%clk 00:42:00]} {[%emt
00:00:06]} Nc4 {[%clk 00:00:52]} {[%emt 00:01:36]} 34. Nxc4 {[%clk 00:41:48]}
{[%emt 00:00:43]} dxc4 {[%clk 00:01:18]} {[%emt 00:00:05]} 35. e4 {[%clk
00:41:54]} {[%emt 00:00:23]} f6 {[%clk 00:01:18]} {[%emt 00:00:30]} 36. exf6
{[%clk 00:40:59]} {[%emt 00:01:24]} gxf6 {[%clk 00:01:44]} {[%emt 00:00:05]}
37. g4 {[%clk 00:40:50]} {[%emt 00:00:39]} h6 {[%clk 00:01:00]} {[%emt
00:01:15]} 38. h4 {[%clk 00:41:06]} {[%emt 00:00:13]} Kf7 {[%clk 00:01:08]}
{[%emt 00:00:22]} 39. h5 {[%clk 00:41:16]} {[%emt 00:00:21]} f5 {[%clk
00:00:35]} {[%emt 00:01:03]} 40. exf5 {[%clk 00:40:56]} {[%emt 00:00:49]} exf5
{[%clk 00:00:55]} {[%emt 00:00:11]} 41. gxf5 {[%clk 00:41:16]} {[%emt
00:00:09]} Kf6 {[%clk 00:01:00]} {[%emt 00:00:25]} 42. d5 {[%clk 00:41:23]}
{[%emt 00:00:23]} Kxf5 {[%clk 00:01:17]} {[%emt 00:00:13]} 43. d6 {[%clk
00:41:43]} {[%emt 00:00:10]} Ke6 {[%clk 00:01:41]} {[%emt 00:00:06]} 44. d7
{[%clk 00:42:07]} {[%emt 00:00:06]} Kxd7 {[%clk 00:02:07]} {[%emt 00:00:04]}
45. Kc2 {[%clk 00:42:14]} {[%emt 00:00:24]} Kd6 {[%clk 00:02:29]} {[%emt
00:00:07]} 46. Kb2 {[%clk 00:42:32]} {[%emt 00:00:12]} c3+ {[%clk 00:02:36]}
{[%emt 00:00:23]} 47. Kb3 {[%clk 00:42:46]} {[%emt 00:00:15]} Kd5 {[%clk
00:02:43]} {[%emt 00:00:24]} 48. Kc2 {[%clk 00:43:02]} {[%emt 00:00:14]} Kc4
{[%clk 00:03:07]} {[%emt 00:00:06]} 49. Kc1 {[%clk 00:43:11]} {[%emt 00:00:21]}
b3 {[%clk 00:03:20]} {[%emt 00:00:18]} 50. Kb1 {[%clk 00:42:25]} {[%emt
00:01:15]} Kd3 {[%clk 00:03:31]} {[%emt 00:00:19]} 51. Kc1 {[%clk 00:41:09]}
{[%emt 00:01:47]} b2+ {[%clk 00:03:34]} {[%emt 00:00:27]} 52. Kb1 {[%clk
00:38:18]} {[%emt 00:03:20]} c2+ {[%clk 00:03:50]} {[%emt 00:00:14]} 53. Kxb2
{[%clk 00:38:22]} {[%emt 00:00:26]} Kd2 {[%clk 00:04:12]} {[%emt 00:00:07]} 54.
Ka2 {[%clk 00:38:20]} {[%emt 00:00:33]} c1=Q {[%clk 00:04:31]} {[%emt
00:00:11]} 55. Kb3 {[%clk 00:38:18]} {[%emt 00:00:32]} Qc3+ {[%clk 00:04:47]}
{[%emt 00:00:14]} 56. Ka4 {[%clk 00:38:16]} {[%emt 00:00:31]} Qb2 {[%clk
00:05:03]} {[%emt 00:00:13]} 57. Ka5 {[%clk 00:38:32]} {[%emt 00:00:16]} Kc3
{[%clk 00:05:19]} {[%emt 00:00:14]} 58. Ka4 {[%clk 00:37:00]} {[%emt 00:02:00]}
Qb4# {[%clk 00:05:41]} {[%emt 00:00:10]} 0-1

[Event "DEM U12w 2022"]
[Site "Willingen GER"]
[Date "2022.06.09"]
[Round "7"]
[White "Türel, Tugce"]
[Black "Schube, Theresa"]
[Result "1/2-1/2"]
[Termination "normal"]
[Board "8"]
[WhiteElo "1312"]
[BlackElo "1167"]
[WhiteClock "00:17:25"]
[BlackClock "00:13:06"]
[PlyCount "112"]
[WhiteFideId "26350602"]
[BlackFideId "34608800"]
[EventCountry "GER"]
[EventRounds "9"]
[EventType "swiss"]
[EventDate "2022.06.04"]

1. e4 {[%clk 01:30:58]} {[%emt 00:00:02]} e5 {[%clk 01:30:45]} {[%emt
00:00:14]} 2. Nf3 {[%clk 01:31:21]} {[%emt 00:00:08]} Nc6 {[%clk 01:30:57]}
{[%emt 00:00:17]} 3. Bc4 {[%clk 01:31:44]} {[%emt 00:00:08]} Bc5 {[%clk
01:31:10]} {[%emt 00:00:16]} 4. c3 {[%clk 01:31:54]} {[%emt 00:00:20]} Nf6
{[%clk 01:31:25]} {[%emt 00:00:15]} 5. d4 {[%clk 01:32:14]} {[%emt 00:00:11]}
exd4 {[%clk 01:31:33]} {[%emt 00:00:22]} 6. cxd4 {[%clk 01:32:30]} {[%emt
00:00:14]} Bb4+ {[%clk 01:31:42]} {[%emt 00:00:20]} 7. Nc3 {[%clk 01:32:49]}
{[%emt 00:00:12]} Nxe4 {[%clk 01:31:32]} {[%emt 00:00:39]} 8. O-O {[%clk
01:33:03]} {[%emt 00:00:17]} Bxc3 {[%clk 01:31:19]} {[%emt 00:00:42]} 9. d5
{[%clk 01:33:03]} {[%emt 00:00:30]} Bf6 {[%clk 01:31:00]} {[%emt 00:00:50]} 10.
Re1 {[%clk 01:33:11]} {[%emt 00:00:23]} Ne7 {[%clk 01:30:15]} {[%emt 00:01:14]}
11. Rxe4 {[%clk 01:33:22]} {[%emt 00:00:19]} d6 {[%clk 01:30:00]} {[%emt
00:00:45]} 12. g4 {[%clk 01:32:27]} {[%emt 00:01:25]} O-O {[%clk 01:29:15]}
{[%emt 00:01:15]} 13. g5 {[%clk 01:30:46]} {[%emt 00:02:12]} Be5 {[%clk
01:27:54]} {[%emt 00:01:50]} 14. Nxe5 {[%clk 01:30:49]} {[%emt 00:00:27]} dxe5
{[%clk 01:28:08]} {[%emt 00:00:15]} 15. Rxe5 {[%clk 01:29:52]} {[%emt
00:01:27]} Ng6 {[%clk 01:28:09]} {[%emt 00:00:29]} 16. Re1 {[%clk 01:29:03]}
{[%emt 00:01:20]} Bf5 {[%clk 01:24:55]} {[%emt 00:03:44]} 17. Qf3 {[%clk
01:26:14]} {[%emt 00:03:13]} Qd7 {[%clk 01:21:59]} {[%emt 00:03:32]} 18. b3
{[%clk 01:21:16]} {[%emt 00:05:29]} Rfe8 {[%clk 01:13:42]} {[%emt 00:08:46]}
19. Bb2 {[%clk 01:20:40]} {[%emt 00:01:06]} Bh3 {[%clk 00:56:41]} {[%emt
00:17:30]} 20. a4 {[%clk 01:04:05]} {[%emt 00:17:06]} a6 {[%clk 00:53:23]}
{[%emt 00:03:48]} 21. d6 {[%clk 00:59:34]} {[%emt 00:05:01]} cxd6 {[%clk
00:42:30]} {[%emt 00:11:23]} 22. Bxf7+ {[%clk 00:58:58]} {[%emt 00:01:07]} Qxf7
{[%clk 00:42:06]} {[%emt 00:00:53]} 23. Qxh3 {[%clk 00:59:12]} {[%emt
00:00:16]} Qf4 {[%clk 00:35:37]} {[%emt 00:06:59]} 24. Rxe8+ {[%clk 00:54:25]}
{[%emt 00:05:16]} Rxe8 {[%clk 00:35:23]} {[%emt 00:00:45]} 25. Qd7 {[%clk
00:54:18]} {[%emt 00:00:36]} Qxg5+ {[%clk 00:34:15]} {[%emt 00:01:38]} 26. Kf1
{[%clk 00:54:17]} {[%emt 00:00:31]} Qe7 {[%clk 00:33:39]} {[%emt 00:01:06]} 27.
Qxe7 {[%clk 00:52:56]} {[%emt 00:01:51]} Rxe7 {[%clk 00:32:50]} {[%emt
00:01:20]} 28. Ba3 {[%clk 00:52:51]} {[%emt 00:00:35]} Rd7 {[%clk 00:32:53]}
{[%emt 00:00:27]} 29. Rd1 {[%clk 00:52:26]} {[%emt 00:00:55]} d5 {[%clk
00:32:05]} {[%emt 00:01:17]} 30. Ke2 {[%clk 00:52:37]} {[%emt 00:00:19]} Kf7
{[%clk 00:28:36]} {[%emt 00:04:00]} 31. Ke3 {[%clk 00:52:28]} {[%emt 00:00:39]}
Ke6 {[%clk 00:24:40]} {[%emt 00:04:24]} 32. Kd4 {[%clk 00:50:46]} {[%emt
00:02:14]} Nf4 {[%clk 00:16:00]} {[%emt 00:09:09]} 33. Re1+ {[%clk 00:31:44]}
{[%emt 00:19:32]} Kf5 {[%clk 00:13:34]} {[%emt 00:02:57]} 34. Re5+ {[%clk
00:31:44]} {[%emt 00:00:30]} Kg4 {[%clk 00:12:41]} {[%emt 00:01:22]} 35. Bc1
{[%clk 00:31:35]} {[%emt 00:00:40]} Rc7 {[%clk 00:09:38]} {[%emt 00:03:33]} 36.
Bxf4 {[%clk 00:29:57]} {[%emt 00:02:07]} Kxf4 {[%clk 00:09:53]} {[%emt
00:00:15]} 37. Rxd5 {[%clk 00:17:48]} {[%emt 00:12:40]} Kf3 {[%clk 00:09:29]}
{[%emt 00:00:54]} 38. b4 {[%clk 00:08:38]} {[%emt 00:09:40]} Kxf2 {[%clk
00:08:31]} {[%emt 00:01:27]} 39. b5 {[%clk 00:07:38]} {[%emt 00:01:31]} axb5
{[%clk 00:08:08]} {[%emt 00:00:53]} 40. axb5 {[%clk 00:07:49]} {[%emt
00:00:18]} b6 {[%clk 00:08:05]} {[%emt 00:00:33]} 41. Rd6 {[%clk 00:06:37]}
{[%emt 00:01:42]} Kg2 {[%clk 00:00:36]} {[%emt 00:07:59]} 42. Rxb6 {[%clk
00:06:18]} {[%emt 00:00:50]} Kxh2 {[%clk 00:00:45]} {[%emt 00:00:20]} 43. Rc6
{[%clk 00:28:28]} {[%emt 00:08:21]} Rb7 {[%clk 00:29:33]} {[%emt 00:01:42]} 44.
b6 {[%clk 00:26:55]} {[%emt 00:02:02]} g5 {[%clk 00:27:21]} {[%emt 00:02:42]}
45. Kc5 {[%clk 00:26:38]} {[%emt 00:00:47]} g4 {[%clk 00:26:00]} {[%emt
00:01:52]} 46. Rc7 {[%clk 00:26:48]} {[%emt 00:00:19]} Rb8 {[%clk 00:25:31]}
{[%emt 00:01:00]} 47. b7 {[%clk 00:25:59]} {[%emt 00:01:18]} g3 {[%clk
00:24:44]} {[%emt 00:01:17]} 48. Kc6 {[%clk 00:25:09]} {[%emt 00:01:21]} h5
{[%clk 00:19:47]} {[%emt 00:05:27]} 49. Rh7 {[%clk 00:22:52]} {[%emt 00:02:44]}
Rxb7 {[%clk 00:11:28]} {[%emt 00:08:52]} 50. Rxh5+ {[%clk 00:22:54]} {[%emt
00:00:27]} Kg1 {[%clk 00:11:30]} {[%emt 00:00:28]} 51. Kxb7 {[%clk 00:23:10]}
{[%emt 00:00:14]} g2 {[%clk 00:11:41]} {[%emt 00:00:19]} 52. Kc6 {[%clk
00:17:52]} {[%emt 00:05:48]} Kf2 {[%clk 00:11:55]} {[%emt 00:00:16]} 53. Rf5+
{[%clk 00:17:53]} {[%emt 00:00:28]} Ke2 {[%clk 00:12:04]} {[%emt 00:00:22]} 54.
Re5+ {[%clk 00:17:45]} {[%emt 00:00:37]} Kf2 {[%clk 00:12:29]} {[%emt
00:00:07]} 55. Rf5+ {[%clk 00:17:21]} {[%emt 00:00:54]} Ke2 {[%clk 00:12:50]}
{[%emt 00:00:08]} 56. Rg5 {[%clk 00:17:25]} {[%emt 00:00:26]} Kf2 {[%clk
00:13:06]} {[%emt 00:00:13]} 1/2-1/2